Encyclopedia of herbs, condiments and spices : (Record no. 128055)

MARC details
000 -LEADER
fixed length control field 00932nam a22002537a 4500
005 - DATE AND TIME OF LATEST TRANSACTION
control field 20170124110034.0
010 ## - LIBRARY OF CONGRESS CONTROL NUMBER
LC control number B-160035
020 ## - INTERNATIONAL STANDARD BOOK NUMBER
Terms of availability 230.00
International Standard Book Number 8187877162
035 ## - SYSTEM CONTROL NUMBER
System control number B-160035
037 ## - SOURCE OF ACQUISITION
Source of stock number/acquisition Cen Lib/Ret
040 ## - CATALOGING SOURCE
Original cataloging agency DPL
Language of cataloging EN
082 ## - DEWEY DECIMAL CLASSIFICATION NUMBER
Classification number 581.63403
Item number ENC
245 ## - TITLE STATEMENT
Title Encyclopedia of herbs, condiments and spices :
Statement of responsibility, etc edited by S.K. Bhatia; compiled by Geeta Bhatia, Komal Bhatia [and] Urvashi Sharma
Remainder of title for cooks, gardners and healthy eatrs /
260 ## - PUBLICATION, DISTRIBUTION, ETC. (IMPRINT)
Place of publication, distribution, etc New Delhi
Name of publisher, distributor, etc Gita Enterprises
Date of publication, distribution, etc 2005
270 ## - ADDRESS
City New Delhi
Address 3026/7H, ranjit nagar
Postal code 110008
300 ## - PHYSICAL DESCRIPTION
Extent x, 199p.
Dimensions 21cm(Hb)
500 ## - GENERAL NOTE
General note Includes bibliographical references and index
650 ## - SUBJECT ADDED ENTRY--TOPICAL TERM
Topical term or geographic name as entry element Herbs, Condiments and Spices
Form subdivision Encyclopedia
9 (RLIN) 22273
700 ## - ADDED ENTRY--PERSONAL NAME
Personal name Bhatia, S.K.
9 (RLIN) 11132
700 ## - ADDED ENTRY--PERSONAL NAME
Personal name Bhatia, Geeta
9 (RLIN) 22274
700 ## - ADDED ENTRY--PERSONAL NAME
Personal name Bhatia, Komal
9 (RLIN) 22275
700 ## - ADDED ENTRY--PERSONAL NAME
Personal name Sharma, Urwashi
9 (RLIN) 22276
942 ## - ADDED ENTRY ELEMENTS (KOHA)
Source of classification or shelving scheme Dewey Decimal Classification
Koha item type English Books
Classification part 581.63403
Call number suffix ENC
Holdings
Withdrawn status Lost status Damaged status Not for loan Home library Current library Date acquired Source of acquisition Cost, normal purchase price Total Checkouts Full call number Barcode Date last seen Date checked out Copy number Cost, replacement price Price effective from Koha item type Source of classification or shelving scheme Collection code
        Central Library Central Library 01/07/2015 Cen Lib/Ret 230.00 2 581.63403 ENC B-160035 13/05/2025 23/04/2025 1 230.00 01/07/2015 English Books    
        Central Library Central Library 31/07/2015 Cen Lib/Ret 230.00   581.63403 ENC B-160036 31/07/2015   1 230.00 31/07/2015 English Books    
        Sarojini Nagar Sarojini Nagar 09/05/2019       581.63403 ENC B-160038 09/05/2019       09/05/2019 English Books Dewey Decimal Classification Non-fiction

© Delhi Public Library
Hit Counter
free hit counter